Countries Self Identified as Undemocratic - Statistics

General Stats
  • This quiz has been taken 30 times
  • The average score is 5 of 7
Answer Stats
Country % Correct
Saudi Arabia
92%
Oman
88%
Qatar
83%
United Arab Emirates
71%
Afghanistan
63%
Brunei
50%
Vatican City
50%
No matching quizzes found
Score Distribution
Percent of People with Each Score
Percentile by Number Answered
Your Score History
You have not taken this quiz